| 000 | 00997nac a22003017a 4500 | ||
|---|---|---|---|
| 001 | BR8003098 | ||
| 003 | BR-BrBNA | ||
| 005 | 20240105114709.0 | ||
| 008 | 230509b bl.|||m| |||| 00| 0 por d | ||
| 040 |
_aBR-BrBNA _bpor _cBiblioteca Nacional de Agricultura |
||
| 072 | _aF00 | ||
| 090 | _a0170 BR8003098 | ||
| 100 | 1 | _aSilva, I.O. | |
| 100 | 1 | _aSilva, B.G. da | |
| 100 | 1 | _aCosta, J.A. | |
| 100 | 1 | _aRibeiro, J.A.P. | |
| 110 | 1 |
_aEmpresa de Pesquisa Agropecuaria da Bahia, Salvador (Brasil) _94095 |
|
| 245 | 1 | _aEnsaio de espacamento e densidade para sorgo granifero (Sorghum bicolor (L.)Moench)[Brasil] | |
| 260 | 3 |
_aSalvador, BA (Brasil): _c1980. |
|
| 300 | _a6 p. | ||
| 490 |
_aComunicado Tecnico - Empresa de Pesquisa Agropecuaria da Bahia (Brazil) _vno.6 _xISSN 0100-4816 |
||
| 650 | _aProducao vegetal | ||
| 650 | _aSorgo granifero | ||
| 650 | _aEspacamento | ||
| 650 | _aDensidade de plantio | ||
| 909 |
_a202312 _bLúcia Elande _c55 _dLúcia Elande |
||
| 942 |
_2AGRIS _n0 _cMS |
||
| 999 |
_c270809 _d270809 |
||